La España real /

Compendio que reúne los cuatro libros que, entre 1976 y 1981, el filósofo madrileño Julián Marías dedicó al análisis de la realidad española en el momento de la transición de la dictadura franquista a la democracia. La España real (1976), La devolución de España (1977), España en nuestras manos (197...

Description complète

Enregistré dans:
Détails bibliographiques
Auteur principal: Marías, Julián (autor)
Format: Livre
Langue:espagnol
Publié: Madrid, España : Espasa-Calpe, 1998, c1998
Collection:(Espasa Fórum)
Sujets:
Tags: Ajouter un tag
Pas de tags, Soyez le premier à ajouter un tag!

MARC

LEADER 00000nam^a2200000^a^4500
001 000066687
005 20250521000000.0
009 20260310091224.241
020 |a 84-239-9734-0 
037 |a Acervo ITESO - Biblioteca 
041 |a ESP 
082 |a 320. 946083  |b MAR 
100 |a Marías, Julián  |e (autor) 
245 1 3 |a La España real /  |c J. Marías. 
264 4 |a Madrid, España :  |b Espasa-Calpe,  |c 1998, c1998 
300 |a 772 p. 
336 |a texto  |b txt  |2 rdacontenido 
337 |a sin mediación  |b n  |2 rdamedio 
338 |a volumen  |b nc  |2 rdasoporte 
440 1 |a (Espasa Fórum) 
520 |a Compendio que reúne los cuatro libros que, entre 1976 y 1981, el filósofo madrileño Julián Marías dedicó al análisis de la realidad española en el momento de la transición de la dictadura franquista a la democracia. La España real (1976), La devolución de España (1977), España en nuestras manos (1978) y Cinco años de España (1981) son los títulos originales de dichas reflexiones, producidas en el momento que el país recobró su libertad política, la legitimidad de su Estado y se equiparó en sus instituciones con las restantes naciones de Europa Occidental. 
649 |a XX 
650 |a Transición Política -  |z España 
650 |a Cambios Políticos -  |z España 
650 |a Cambios Sociales y Culturales -  |z España 
650 |a Libertad -  |z España 
650 |a Derecho Constitucional -  |z España 
650 |a Cultura -  |z España 
650 |a Política -  |z España -  |x Historia -  |y 1975-1976 -  |x Tema Principal 
650 |a Política -  |z España -  |x Historia -  |y 1976-1981 -  |x Tema Principal 
650 |a Política -  |z España -  |x Historia -  |y Juan Carlos I, 1975-2014 
650 |a Política -  |z España -  |x Historia -  |y Siglo XX 
650 |a España -  |x Condiciones Políticas 
650 |a España -  |x Condiciones Sociales y Culturales 
910 |a Fondo General 
920 |a Impresos - Libros 
930 |a Colección General 
905 |a 101 
901 |a 0500022287  |b IT1  |c ACC  |u 20250521 
902 |a https://opac.biblio.iteso.mx/vufind/Record/000066687